| 000 | 00803nam a22001937a 4500 | ||
|---|---|---|---|
| 003 | CEME | ||
| 005 | 20210628202348.0 | ||
| 008 | 210121b xxu||||| |||| 00| 0 eng d | ||
| 020 | _a0-7106-2697-5 | ||
| 040 | _c. | ||
| 082 | _a355-LBAD JAN'S | ||
| 100 |
_aO'halloran, James.C Foss, Christopler.F _959560 |
||
| 245 | _aJanes land-based air defence 2005-2006 | ||
| 250 | _a18TH | ||
| 260 |
_aUNITED KINGDOM _bJANES IMFORMATION GROUP _c2005 |
||
| 300 | _a458P | ||
| 650 |
_aAIR DEFENCE LAND-BASED AIR DEFENCE.MAN PORTABLE SURFACE TO AIR MISSILE SYSTEMS.SELF PROPELLED ANTI AIRCRAFT GUN.UNIVERSAL MISSILES.MULTIPURPOSE MISSILES.LAND MISSILES.AIR MISSILES.SEA MISSILES.CONTROL SYSTEMS OF ANTI AIRCRAFT.TOWED ANTI AIR CRAFT GUN.STATIC AND TOWED SURFACE TO AIR MISSILE SYSTEMS _959561 |
||
| 942 |
_cBK _2ddc |
||
| 999 |
_c569507 _d569507 |
||